| 000 | 00592nam a2200193 i 4500 | ||
|---|---|---|---|
| 001 | 62599 | ||
| 003 | ES-MaACL | ||
| 005 | 20231224062924.0 | ||
| 007 | t| | ||
| 008 | 031124s1952 sp ||||1| spa d | ||
| 100 | 1 |
_aFernández y González, Manuel, _d1821-1888 _950183 |
|
| 245 | 1 | 0 |
_aDoña Sancha de Navarra _b: (novela histórica) / _cManuel Fernández y González. |
| 260 |
_aMadrid : _bSiglo XX, _c[1952] ( _fJ. Cosano) |
||
| 300 |
_a304 p. ; _c19 cm. |
||
| 490 | 1 | _aCapa y espada | |
| 830 | 1 |
_aCapa y espada _9182845 |
|
| 852 |
_aES-MaACL _jD-9182 |
||
| 999 |
_c62599 _d62599 |
||